000 00848nam a2200193 a 4500
001 000039843
005 20201002033750.0
008 130725s1982 sp ad 000 0 spa d
020 _a8400051432
040 _aDO-SdBNP
_bspa
_cBNPHU
245 0 0 _aMúsica barroca española Volumen II Polifonía policoral litúrgica. /
_cestudios y transcripciónpor Miguel Querol Gavalda.
260 _aBarcelona :
_bConsejo Superior de Investigaciones Científicas, Instituto Español de Musicología,
_c1982.
300 _av. (164) p. :
_bfacsims. ;
_c33 cm.
490 1 _aMonumentos de la música española
_v41
500 _aLa biblioteca posee el v. 2
700 1 _aQuerol Gavaldá Miguel
_966033
710 2 _aConsejo Superior de Investigaciones Científicas,
_bInstituto Español de Musicología
_966034
830 0 _aMonumentos de la música española
_965588
999 _c39333
_d39333